Nosaltres també! : del 20 al 28 de gener : Biblioteca Aigüestoses del 20 al 28 de gener :
Publicado:
[Barcelona] :
Diputació de Barcelona. Àrea de Serveis Socials: Ajuntament de Sant Andreu de la Barca. Regidoria de Serveis Socials: Associació catalana per la infància maltractada, DL 1996
Descripción Física:
1 tríptic ; 21 cm
Materias:
Maltractament infantil -- Catalunya
MARC
| LEADER | 00000nam a2200000Ia 4500 | ||
|---|---|---|---|
| 001 | 24525 | ||
| 003 | BGR | ||
| 005 | 20260324180619.0 | ||
| 008 | 160829s9999 xx 000 0 cat d | ||
| 080 | |a FU-67-20 | ||
| 245 | |a Nosaltres també! : |b del 20 al 28 de gener : |b Biblioteca Aigüestoses | ||
| 260 | |a [Barcelona] : |b Diputació de Barcelona. Àrea de Serveis Socials: |b Ajuntament de Sant Andreu de la Barca. Regidoria de Serveis Socials: |b Associació catalana per la infància maltractada, DL 1996 | ||
| 300 | |a 1 tríptic ; |c 21 cm | ||
| 590 | |a Inclou el calendari d'activitats | ||
| 650 | |a Maltractament infantil |x Catalunya |9 50198 | ||
| 710 | |a Barcelona (Catalunya : Província). |b Àrea de Serveis Socials |9 53159 | ||
| 710 | 1 | |a Sant Andreu de la Barca (Catalunya). |b Ajuntament |9 53903 | |
| 710 | |a Associació Catalana per a la Infància Maltractada |9 58599 | ||
| 901 | |a Arxiu | ||
| 942 | |n 1 |2 udc |c MON | ||
| 952 | |0 0 |1 0 |4 0 |6 FU6720 |7 1 |9 55831 |a Arxiu |b Arxiu |d 2016-12-01 |l 0 |o FU-67-20 |p 24525 |r 2016-12-01 00:00:00 |w 2016-12-01 |y ARXIU | ||
| 999 | |c 59704 |d 59704 | ||